| 000 | 00911nam a22002771i 4500 | ||
|---|---|---|---|
| 003 | DO-SdBNP | ||
| 005 | 20240530073927.0 | ||
| 007 | ta | ||
| 008 | 220602b2022 dr a|||| |||| 00| 0 spa d | ||
| 020 | _a9789945808759 | ||
| 040 |
_aDO-SdBNP _bspa _cBNPHU _erda |
||
| 082 | 4 |
_aRD863.5 _bE32p _222 |
|
| 100 | 1 |
_aAbad, Anyeline, _981758 _eautora |
|
| 245 | 1 | 3 |
_aEl precio de mi piel / _cAnyeline Abad ; prólogo, Amalfi Eguren de Bouchane. |
| 264 |
_a[Ciudad no especificada : _bEditora no identificada], _c2022. |
||
| 300 |
_a295 páginas : _bilustraciones ; _c23 cm. |
||
| 336 |
_2rdacontent _atexto _btxt |
||
| 337 |
_2rdamedia _asin mediación _bn |
||
| 338 |
_2 rdacarrier _avolumen _bnc |
||
| 590 | _aInventariado, 2022/BT | ||
| 650 | 0 |
_aNovela dominicana _9223 |
|
| 650 | _aLiteratura dominicana | ||
| 700 | 1 |
_aEguren de Bouchane, Amalfi , _eprólogo _981759 |
|
| 910 | _aBtavárez | ||
| 942 |
_2ddc _cLBS1 |
||
| 999 |
_c51896 _d51896 |
||